000 00716nam a2200241Ia 4500
003 OSt
005 20220918214219.0
006 a|||||r|||| 00| 0
007 ta
008 220917b |||||||| |||| 00| 0 eng d
024 _a136,349
037 _cTextual
040 _aARTS
_cARTS
_beng
041 _2eng
_aeng
082 _aX80aY33:6, M1
100 _aRabb Theodore K ed
_994340
245 0 _aIndustrialzation and urbanization
_b studies in interdisciplinary history
260 _aPrinceton
_bUniv Press
_c1981
650 _aECONOMICS
700 _a Rotberg Robert I ed
_994339
942 _hX80aY33:6, M1
_cTEXL
_2CC
999 _c259439
_d259439